000 00959nam a22002657a 4500
999 _c64782
_d64782
005 20240530110750.0
008 181211s2017 ua afk f b 000 0 ara d
017 _a2017/11550
_bمصر. دار الكتب
020 _a9789770531426
040 _aEG-CaGPL
_cEG-CaGPL
082 0 4 _221
_a746.14 /
_bهـ ش
100 0 _aهند فؤاد اسحق
245 1 0 _aشكل ومضمون النسيج القباطى /
_cهند فؤاد اسحق
250 _aط.1
260 _aالقاهرة :
_bمكتبة الانجلو المصرية ،
_c2018.
300 _a275 ص. :
_bايض ؛
_c24 سم.
504 _aيشتمل على ارجاعات ببليوجرافية
650 0 7 _2qrmak
_aاشغال النسيج
650 0 7 _2qrmak
_aالغزل والنسيج
650 0 7 _2qrmak
_aالخيوط
651 _2qrmak
700 0 _aهيثم عبدالمجيد محمد
_eمؤلف مشارك
942 _2ddc
_cBK